000 00696cab a2200241 4500
001 WB3409-21
008 090401t1998 xxu||||| |||| 00| 0 eng d
035 _a(Sirsi) u84671
041 _aeng
245 _a`New` rural highways
260 _c1998
350 _a0
490 _aFinancial Times
_vWeekend 28/1 March 1998, XVII(2)
520 _aRural property owners are experiencing more and more cases of rights of way being forcibly reopened across their land.
650 _aEVIDENCE
650 _aLANDOWNERS
650 _aRIGHT TO ROAM
650 _aRIGHTS OF WAY
650 _aRURAL AREAS
690 _aHIGHWAYS RIGHTS OF WAY AND EASEMENTS
942 _n0
948 _c04/03/1998
999 _c53238
_d53238